[Event "Titled Tue 20th May Late"]
[Site "chess.com INT"]
[Date "2025.05.20"]
[Round "8"]
[White "Panarin, Mikhail"]
[Black "Galchenko, Matvey"]
[Result "1-0"]
[WhiteTitle "GM"]
[BlackTitle "IM"]
[WhiteElo "2562"]
[BlackElo "2442"]
[WhiteFideId "4153251"]
[BlackFideId "24175480"]
[EventDate "2025.05.20"]

1. e4 e6 2. d4 d5 3. Nd2 a6 4. Bd3 c5 5. dxc5 Nf6 6. Qe2 Bxc5 7. Ngf3 Nc6 8. O-O
Nb4 9. e5 Nd7 10. Nb3 Nxd3 11. cxd3 Be7 12. Nfd4 O-O 13. Re1 Nc5 14. Be3 Na4 15.
Qg4 Nxb2 16. Bh6 g6 17. Re3 f5 18. exf6 Rxf6 19. Nxe6 Qb6 20. Qd4 Qxd4 21. Nexd4
Bd6 22. Rb1 Na4 23. Re8+ Kf7 24. Rbe1 Bb4 25. R1e3 Nb6 26. Rh8 g5 27. Bxg5 Rg6
28. h4 Rg7 29. Ree8 Kg6 30. g4 h6 31. Bf4 Kf7 32. f3 Bxg4 33. Rxa8 Nxa8 34. Rxa8
Bxf3+ 35. Kf2 Bh1 36. Bxh6 Rg2+ 37. Ke3 Rxa2 38. Rb8 Be1 39. Rxb7+ Kg6 40. Bg5
Bg3 41. Rb6+ Kh5 42. Rh6+ Kg4 43. Rf6 Be5 44. Rf7 Bh2 45. Ne2 1-0

[Event "Titled Tue 20th May Late"]
[Site "chess.com INT"]
[Date "2025.05.20"]
[Round "8"]
[White "Velikanov, Alexander"]
[Black "Buchenau, Frank"]
[Result "1-0"]
[WhiteTitle "IM"]
[BlackTitle "FM"]
[WhiteElo "2372"]
[BlackElo "2190"]
[WhiteFideId "2039290"]
[BlackFideId "4604350"]
[EventDate "2025.05.20"]

1. e4 e6 2. d4 d5 3. exd5 exd5 4. Nf3 Bf5 5. Bd3 Bxd3 6. Qxd3 Nc6 7. O-O Bd6 8.
c4 dxc4 9. Qxc4 Nge7 10. Nc3 O-O 11. Bg5 h6 12. Bh4 Qd7 13. Rfe1 Nf5 14. Bg3
Bxg3 15. hxg3 Ncxd4 16. Nxd4 Nxd4 17. Rad1 Rad8 18. Re4 c5 19. Qxc5 Ne6 20. Rxd7
Nxc5 21. Rxd8 Rxd8 22. Re7 Rd7 23. Re8+ Kh7 24. Rc8 Nd3 25. b3 Re7 26. f3 Re1+
27. Kh2 Rc1 28. g4 Rc2 29. Rc7 Ne1 30. Nd5 Rxg2+ 31. Kh3 Rd2 32. Nf4 Nxf3 33.
Rxb7 Rxa2 34. Kg3 Ng5 35. Nd3 Ra3 36. Nc5 a5 37. Kf4 Ne6+ 38. Nxe6 fxe6 39. Rb6
a4 40. b4 Rb3 41. Ke5 a3 42. Kxe6 a2 43. Ra6 Rxb4 44. Kf5 Rb2 45. Kf4 Rh2 46.
Kg3 Rb2 47. Kf4 Kg8 48. Ra7 Kf8 49. Kf5 Rf2+ 50. Ke5 Kg8 51. Ke4 Kh7 52. Ra6 g5
53. Ke5 Kg7 54. Ra7+ Kf8 55. Ra8+ Ke7 56. Ra7+ Kd8 57. Ra8+ Kc7 58. Ra6 Kb7 59.
Ra3 Kb6 60. Ra8 Kb5 61. Kd4 Rf4+ 62. Kd5 Ra4 63. Rb8+ Ka5 64. Kc5 1-0

[Event "Titled Tue 20th May Late"]
[Site "chess.com INT"]
[Date "2025.05.20"]
[Round "8"]
[White "Tkachenko, Erik"]
[Black "Eames, Robert S"]
[Result "1-0"]
[BlackTitle "FM"]
[WhiteElo "2028"]
[BlackElo "2136"]
[WhiteFideId "30902967"]
[BlackFideId "408743"]
[EventDate "2025.05.20"]

1. e4 c5 2. Nf3 Nc6 3. d4 cxd4 4. Nxd4 Nf6 5. Nc3 h5 6. Nxc6 bxc6 7. e5 Ng4 8.
Qd4 Qa5 9. f4 Rb8 10. Bd2 Rb4 11. Qd3 Qb6 12. Nd1 Rxb2 13. Nxb2 Qxb2 14. Bc3 Qb6
15. Qd4 c5 16. Qd2 Bb7 17. Bd3 c4 18. Bf5 e6 19. Rd1 Bc6 20. Be4 Bc5 21. Bxc6
Qxc6 22. Rb1 O-O 23. Qe2 Bf2+ 24. Kd1 Bc5 25. Kc1 Ba3+ 26. Bb2 Bc5 27. h3 Be3+
28. Kd1 Nf2+ 29. Ke1 Nxh1 30. Qxe3 Qxg2 31. Bd4 Ng3 32. Qf2 Qe4+ 33. Kd2 Nf5 34.
Kc1 c3 35. Bxc3 Rc8 36. Rb3 Qh1+ 37. Kb2 Qe4 38. Qxa7 Ne3 39. Qxd7 Rf8 40. Qd3
Qxd3 41. cxd3 Nd5 42. Bd2 Rd8 43. a4 Ne7 44. a5 Nc6 45. a6 Ra8 46. Rb6 Nd4 47.
Be3 Nf5 48. Bc5 Ng3 49. a7 1-0

[Event "Titled Tue 20th May Late"]
[Site "chess.com INT"]
[Date "2025.05.20"]
[Round "8"]
[White "Onur, Cigdem"]
[Black "Nguyen Hong Nhung"]
[Result "0-1"]
[WhiteTitle "WCM"]
[BlackTitle "WFM"]
[WhiteElo "1966"]
[BlackElo "2197"]
[WhiteFideId "6346030"]
[BlackFideId "12412201"]
[EventDate "2025.05.20"]

1. e4 c5 2. Nf3 g6 3. d4 cxd4 4. Qxd4 Nf6 5. e5 Nc6 6. Qa4 Nd5 7. Qb3 Nc7 8. Bc4
Ne6 9. Bxe6 dxe6 10. Bf4 Bg7 11. Nbd2 O-O 12. O-O-O Qc7 13. Rde1 a5 14. a4 Nb4
15. Qc4 Qb6 16. Be3 Qd8 17. h4 Qd5 18. h5 Qxc4 19. Nxc4 Bd7 20. Nb6 Rad8 21. h6
Bh8 22. Bc5 Rfe8 23. Rd1 Nd5 24. Nxd5 exd5 25. Rxd5 e6 26. Rd4 Bc6 27. Bd6 b5
28. axb5 Bxb5 29. Rhd1 f6 30. exf6 Bxf6 31. Be5 Rxd4 32. Rxd4 Be7 33. c4 Bc6 34.
Kd2 Bxf3 35. gxf3 Bg5+ 36. Bf4 e5 37. Bxg5 exd4 38. Kd3 Rb8 39. Kxd4 Rxb2 40. c5
a4 41. c6 Rc2 42. Kd5 a3 43. Bf6 Kf7 44. Bg7 Ke7 0-1

[Event "Titled Tue 20th May Late"]
[Site "chess.com INT"]
[Date "2025.05.20"]
[Round "8"]
[White "Bhatia, Kanishka"]
[Black "Kracht, Raphael"]
[Result "0-1"]
[WhiteTitle "WCM"]
[BlackTitle "CM"]
[WhiteElo "1979"]
[BlackElo "2194"]
[WhiteFideId "2410095"]
[BlackFideId "16214382"]
[EventDate "2025.05.20"]

1. e4 e6 2. Nf3 d5 3. Nc3 Nf6 4. e5 Nfd7 5. d4 c5 6. dxc5 Bxc5 7. Bd3 Nc6 8. Bf4
O-O 9. Bxh7+ Kxh7 10. Ng5+ Kg6 11. h4 Ndxe5 12. Qe2 Bd6 13. h5+ Kf6 14. h6 gxh6
15. Rxh6+ Ke7 16. Nh7 Nd3+ 17. cxd3 Bxf4 18. Rh5 Rh8 19. Qg4 Be5 20. Qh4+ Kd7
21. Qg4 Qg8 22. Qh3 Qg7 23. Nxd5 Kd6 24. Ne3 Bd7 25. Nc4+ Kc7 26. Nxe5 Nxe5 27.
Qh2 f6 28. d4 Be8 29. dxe5 f5 30. Rc1+ Bc6 31. b4 a6 32. a4 b5 33. a5 Rad8 34.
Qh3 Rd5 35. f4 Rd4 36. Nf6 Rxh5 37. Qxh5 Qe7 38. Qg5 Qxb4+ 39. Kf1 Rxf4+ 40. Kg1
Qd4+ 41. Kh2 Qxe5 42. Qg7+ Kd6 43. Rd1+ Kc5 44. Rc1+ Kb4 45. Rb1+ Kxa5 0-1

[Event "Titled Tue 20th May Late"]
[Site "chess.com INT"]
[Date "2025.05.20"]
[Round "8"]
[White "Bogaudinov, Rushan"]
[Black "Medina Paz, Miguel"]
[Result "1-0"]
[WhiteTitle "FM"]
[BlackTitle "IM"]
[WhiteElo "1912"]
[BlackElo "2368"]
[WhiteFideId "4129288"]
[BlackFideId "7300379"]
[EventDate "2025.05.20"]

1. e4 c5 2. Nf3 Nc6 3. Bb5 g6 4. O-O Bg7 5. c3 Nf6 6. Re1 O-O 7. d4 d5 8. e5 Ne4
9. Nbd2 Nxd2 10. Bxd2 Bg4 11. Be3 cxd4 12. cxd4 a6 13. Be2 Qb6 14. Qb3 Qxb3 15.
axb3 Bxf3 16. Bxf3 e6 17. Rec1 Rfc8 18. Rc3 Bf8 19. Rac1 Bb4 20. R3c2 Na7 21.
Kf1 Rxc2 22. Rxc2 Rc8 23. Rxc8+ Nxc8 24. Ke2 Ne7 25. g4 Kf8 26. h4 Ke8 27. Kd3
Nc6 28. Bd1 Be7 29. h5 Nb4+ 30. Ke2 Kd7 31. f4 Ke8 32. Kd2 Kf8 33. Be2 Kg7 34.
Bf1 h6 35. hxg6 fxg6 36. Bh3 Nc6 37. f5 Bg5 38. Bxg5 hxg5 39. f6+ Kf7 40. Kc3 b5
41. Bf1 Ke8 42. Be2 Kf8 43. Bd1 Kf7 44. Bc2 b4+ 45. Kd3 Na7 46. Ke3 Nb5 47. Bd3
Nc7 48. Kf3 Nb5 49. Ke3 Nc7 50. Bf1 Kf8 51. Be2 Kf7 52. Bd3 Nb5 53. Bc4 dxc4 54.
bxc4 Nc7 55. Ke4 a5 56. d5 a4 57. d6 a3 58. dxc7 axb2 59. c8=Q b1=Q+ 60. Kd4
Qg1+ 61. Kd3 Qf1+ 62. Kc2 Qe2+ 63. Kb3 Qd3+ 64. Ka4 Qc2+ 65. Kb5 1-0

[Event "Titled Tue 20th May Late"]
[Site "chess.com INT"]
[Date "2025.05.20"]
[Round "8"]
[White "Dauer, Andre Leonardo"]
[Black "Jimenez Salas, Maria Teresa"]
[Result "1-0"]
[WhiteTitle "CM"]
[BlackTitle "WIM"]
[WhiteElo "2138"]
[BlackElo "2137"]
[WhiteFideId "2126915"]
[BlackFideId "3843866"]
[EventDate "2025.05.20"]

1. e4 c5 2. Nf3 Nc6 3. d3 g6 4. g3 Bg7 5. Bg2 e6 6. c3 Nge7 7. h4 d5 8. Nbd2
dxe4 9. dxe4 Ne5 10. Nxe5 Bxe5 11. h5 b6 12. Qe2 Bb7 13. Nf3 Bf6 14. Bf4 Nc6 15.
Rd1 Qc8 16. Bd6 Be7 17. hxg6 fxg6 18. e5 O-O 19. Qe3 Bxd6 20. exd6 Qd7 21. Ng5
Rae8 22. Rxh7 Qxh7 23. Nxh7 Kxh7 24. d7 Rd8 25. Qxe6 Na5 26. Qe7+ Kg8 27. Bh3
Nc6 28. Be6+ Kh8 29. Qh4+ Kg7 30. Ke2 Rf6 31. Bd5 Ba6+ 32. c4 Nd4+ 33. Rxd4 cxd4
34. f4 Rxd7 35. Qg5 Re7+ 36. Kd2 Bb7 37. Bxb7 Rxb7 38. g4 Rd7 39. f5 d3 40. Qf4
gxf5 41. gxf5 Rfd6 42. Qg5+ Kf7 43. Qh5+ Kf6 44. Qg6+ Ke5 45. Qg3+ Kxf5 46. b3
Ke6 47. Qe3+ Kf7 48. Qf4+ Ke7 49. Qg5+ Ke8 50. Qg8+ Ke7 51. Qg7+ Kd8 52. Qg8+
Kc7 53. Qg2 Kb8 54. Qg8+ Kb7 55. Qg4 a5 56. Qe4+ Ka7 57. a4 Rd8 58. Qe7+ R6d7
59. Qe4 Rd6 60. Qe5 R8d7 61. c5 bxc5 62. Qxc5+ Kb7 63. Qb5+ Kc7 64. Qxa5+ Kc8
65. Qa8+ Kc7 66. Qa7+ Kc8 67. Qa8+ Kc7 68. Qa7+ Kd8 69. Qe3 Re7 70. Qg5 Kd7 71.
b4 Re2+ 72. Kd1 Rc2 73. Qb5+ Kc7 74. Qa5+ Kc6 75. Qa6+ Kd5 76. Qxd3+ Ke6 77.
Qxd6+ Kxd6 78. Kxc2 Kd5 79. Kc3 Kc6 80. Kc4 Kb6 81. b5 Kb7 82. Kc5 Kc7 83. a5
Kb7 84. b6 Kb8 85. Kc6 Kc8 86. a6 Kb8 87. a7+ Ka8 88. b7+ Kxa7 89. Kc7 Ka6 90.
b8=Q Ka5 91. Qb3 1-0

[Event "Titled Tue 20th May Late"]
[Site "chess.com INT"]
[Date "2025.05.20"]
[Round "8"]
[White "Kosakowski, Jakub"]
[Black "Zou, Chen"]
[Result "0-1"]
[WhiteTitle "GM"]
[BlackTitle "IM"]
[WhiteElo "2530"]
[BlackElo "2443"]
[WhiteFideId "1185080"]
[BlackFideId "8610959"]
[EventDate "2025.05.20"]

1. e4 c6 2. d4 d5 3. Nc3 dxe4 4. Nxe4 Nf6 5. Qd3 g6 6. Nxf6+ exf6 7. Nf3 Bg7 8.
Be2 O-O 9. O-O b5 10. a4 a6 11. Bf4 Be6 12. Nd2 Nd7 13. Bf3 Rc8 14. axb5 axb5
15. b3 Nb6 16. c4 bxc4 17. bxc4 f5 18. Be3 f4 19. Bxf4 Bxd4 20. Ra3 Bc5 21. Qc3
Bxa3 22. Bh6 f6 23. Qxa3 Rf7 24. Qc3 Bf5 25. c5 Nd5 26. Qd4 Ne7 27. Qb2 Rb8 28.
Qa2 Ra8 29. Qb2 Be6 30. Re1 Bd5 31. Bd1 Nf5 32. Bf4 Re7 33. Rf1 Kg7 34. h3 Ra2
35. Qc3 Qa5 36. Qd3 Ra3 37. Qb1 Ra1 38. Qb8 Qa8 39. Qb2 Rb7 40. Qc3 Qa3 41. Qc2
Rb2 42. Nc4 Rxc2 43. Nxa3 Rxc5 44. Nc2 Rxd1 45. Rxd1 Rxc2 46. Ra1 Ra2 47. Re1 g5
48. Bc7 Kg6 49. g3 Nd4 0-1

[Event "Titled Tue 20th May Late"]
[Site "chess.com INT"]
[Date "2025.05.20"]
[Round "8"]
[White "Danzer, George"]
[Black "Vila Dupla, Aurelio"]
[Result "1-0"]
[WhiteTitle "CM"]
[BlackTitle "FM"]
[WhiteElo "2172"]
[BlackElo "2056"]
[WhiteFideId "4659465"]
[BlackFideId "2203383"]
[EventDate "2025.05.20"]

1. e4 c5 2. Nf3 d6 3. d4 cxd4 4. Nxd4 Nf6 5. Nc3 g6 6. Be3 Bg7 7. f3 O-O 8. Bc4
Nc6 9. Qd2 Bd7 10. O-O-O Qa5 11. Kb1 Ne5 12. Bb3 Rfc8 13. Nd5 Qxd2 14. Bxd2 Nxd5
15. Bxd5 Nc4 16. Bc1 Rc7 17. h4 e6 18. Bxc4 Rxc4 19. Ne2 d5 20. exd5 exd5 21. g4
Rac8 22. c3 d4 23. Nxd4 Bxd4 24. Rxd4 Rxd4 25. cxd4 Bc6 26. Rf1 Re8 27. Rf2 Re1
28. Kc2 Bd5 29. a3 a5 30. Bd2 Rh1 31. Bxa5 Rxh4 32. Bc7 Rh3 33. f4 Be4+ 34. Kd2
Rb3 35. Kc1 Kg7 36. g5 f6 37. gxf6+ Kxf6 38. Be5+ Kf5 39. Re2 h5 40. Rd2 Rd3 41.
Rxd3 Bxd3 42. Kd2 Bc4 43. Ke3 Bd5 44. Kf2 h4 45. Kg1 h3 46. Kh2 Bg2 47. Kg3 Ke4
48. a4 Kd5 49. b4 Kc4 50. b5 Kb4 51. f5 gxf5 52. Kh4 1-0

[Event "Titled Tue 20th May Late"]
[Site "chess.com INT"]
[Date "2025.05.20"]
[Round "8"]
[White "Yilmaz, Mustafa"]
[Black "Boyer, Mahel"]
[Result "1/2-1/2"]
[WhiteTitle "GM"]
[BlackTitle "GM"]
[WhiteElo "2586"]
[BlackElo "2521"]
[WhiteFideId "6302718"]
[BlackFideId "45102422"]
[EventDate "2025.05.20"]

1. Nf3 g6 2. c4 Bg7 3. Nc3 e5 4. g3 Ne7 5. Bg2 O-O 6. O-O Nbc6 7. Rb1 a5 8. d3
d6 9. a3 Bg4 10. h3 Be6 11. b4 axb4 12. axb4 h6 13. b5 Nd4 14. Nd2 c6 15. Bb2 d5
16. e3 Ndf5 17. Qc2 h5 18. Ne2 cxb5 19. cxb5 Qd7 20. Nf3 Rfc8 21. Qd2 Qd6 22.
Bc3 d4 23. exd4 exd4 24. Bb4 Qd7 25. Nf4 Ra2 26. Rb2 Rxb2 27. Qxb2 Bd5 28. Bxe7
Nxe7 29. Re1 Bf6 30. Rxe7 Bxe7 31. Ne5 Qc7 32. Bxd5 Qxe5 33. Nxg6 Qe1+ 34. Kh2
Rc1 35. Nxe7+ Kf8 36. h4 Kxe7 37. Qxd4 Rc2 38. Kg2 Rc1 39. Kf3 Qd1+ 40. Ke3 Rc2
41. Qe5+ Kf8 42. Qh8+ Ke7 43. Bf3 Qe1+ 44. Kf4 Rxf2 45. Qd4 Qd2+ 46. Ke4 f5+ 47.
Kd5 Rxf3 48. Qe5+ Kf7 49. Qc7+ Kg6 50. Qd6+ Kg7 51. Qe7+ Kg8 52. Qe8+ Kg7 53.
Qe7+ Kg8 54. Qe8+ Kg7 55. Qe7+ 1/2-1/2

[Event "Titled Tue 20th May Late"]
[Site "chess.com INT"]
[Date "2025.05.20"]
[Round "8"]
[White "Bagheri, Maziar"]
[Black "Nalbandyan, Vahan"]
[Result "1-0"]
[WhiteTitle "FM"]
[BlackTitle "CM"]
[WhiteElo "2287"]
[BlackElo "2155"]
[WhiteFideId "12530913"]
[BlackFideId "13309439"]
[EventDate "2025.05.20"]

1. e4 c5 2. Nf3 d6 3. d4 cxd4 4. Qxd4 a6 5. c4 Nc6 6. Qd2 g6 7. b3 Bg7 8. Bb2
Nf6 9. Nc3 O-O 10. Be2 Bg4 11. O-O Rc8 12. h3 Bxf3 13. Bxf3 Qa5 14. Rad1 b5 15.
cxb5 axb5 16. Rfe1 Rfd8 17. Qg5 Ne5 18. Qe3 Nxf3+ 19. Qxf3 Nd7 20. Nd5 Bxb2 21.
Nxe7+ Kf8 22. Nxc8 Rxc8 23. Re2 Be5 24. Qg4 Qa7 25. Kh1 Rc3 26. f4 h5 27. Qg5
Bf6 28. Qd5 Be7 29. e5 Rc5 30. Qd2 d5 31. e6 Nf6 32. exf7 Kxf7 33. f5 g5 34.
Qxg5 Qd7 35. Qg6+ Kf8 36. Rde1 Ne4 37. Qh6+ Kf7 38. Qxh5+ Kf8 39. Qh6+ Ke8 40.
Qh8+ Kf7 41. Qh7+ Kf8 42. Qg6 d4 43. Rxe4 d3 44. Qh6+ Kf7 45. Rxe7+ Qxe7 46.
Rxe7+ Kxe7 47. Qe3+ Kd6 48. Qxd3+ Kc6 49. Qe3 Rxf5 50. Qe4+ Rd5 51. Qxd5+ Kxd5
52. a4 b4 53. a5 Kd4 54. a6 Kc3 55. a7 Kxb3 56. a8=Q Kc2 57. Qb7 b3 58. Qxb3+ 1-0

[Event "Titled Tue 20th May Late"]
[Site "chess.com INT"]
[Date "2025.05.20"]
[Round "8"]
[White "Klimakovs, Sergejs"]
[Black "May Sanchez, Andres Elias"]
[Result "1-0"]
[WhiteTitle "FM"]
[WhiteElo "2337"]
[BlackElo "2209"]
[WhiteFideId "11602066"]
[BlackFideId "5150973"]
[EventDate "2025.05.20"]

1. e4 c5 2. Nf3 g6 3. c4 Bg7 4. d4 cxd4 5. Nxd4 Nc6 6. Nc2 Nf6 7. Nc3 O-O 8. Be2
d6 9. Be3 a5 10. Qd2 a4 11. O-O Ng4 12. Bg5 Be6 13. h3 Nge5 14. Nd5 Bxd5 15.
exd5 Na5 16. Ne3 Re8 17. Rac1 Qb6 18. Kh2 Nd7 19. Rc2 Nc5 20. Bf3 Rac8 21. Ng4
Nd7 22. Rfc1 Ne5 23. Be2 h5 24. Be3 Qd8 25. Nxe5 Bxe5+ 26. f4 Bg7 27. f5 b6 28.
fxg6 fxg6 29. Qd3 Be5+ 30. Kh1 Kg7 31. Rf1 Rf8 32. Rxf8 Qxf8 33. Bxb6 Nb7 34.
Bd4 Qf6 35. Rd2 Nc5 36. Qe3 Nd7 37. Bf3 Bxd4 38. Rxd4 Ne5 39. b3 a3 40. Rf4 Qg5
41. h4 Qh6 42. Be2 Rf8 43. Re4 Qxe3 44. Rxe3 Rf4 45. g3 Rd4 46. Bf1 Rd1 47. Kg2
Rd2+ 48. Re2 Rd1 49. Rf2 Ng4 50. Re2 Kf6 51. Re4 Rd2+ 52. Kf3 1-0

[Event "Titled Tue 20th May Late"]
[Site "chess.com INT"]
[Date "2025.05.20"]
[Round "8"]
[White "Ferrara, Enzo"]
[Black "Sanhueza, Cristian"]
[Result "0-1"]
[BlackTitle "FM"]
[WhiteElo "2138"]
[BlackElo "2182"]
[WhiteFideId "137731"]
[BlackFideId "116815"]
[EventDate "2025.05.20"]

1. d4 Nf6 2. c4 e6 3. Nf3 d5 4. g3 dxc4 5. Nc3 Bb4 6. Bg2 O-O 7. O-O Nc6 8. Bf4
a6 9. a4 Nd5 10. Bd2 Be7 11. Ne4 Nf6 12. Nxf6+ Bxf6 13. e3 Rb8 14. a5 b5 15.
axb6 cxb6 16. Rc1 b5 17. b3 c3 18. Bxc3 Bb7 19. Qd2 Ne7 20. Ba5 Qd6 21. Bc7 Qd7
22. Bxb8 Rxb8 23. Qa5 Bd5 24. Qxa6 Bxb3 25. Ne5 Bxe5 26. dxe5 Bc4 27. Rfd1 Qc7
28. Rd6 Nd5 29. Bf1 Nb4 30. Qa3 Qc5 31. Rb1 Bxf1 32. Qxb4 Qxb4 33. Rxb4 Bc4 34.
f3 Ra8 35. Kg2 Ra2+ 36. Kh3 h5 37. g4 Bf1+ 38. Kg3 Rg2+ 39. Kf4 Rxh2 40. Rd8+
Kh7 41. Rb3 Bc4 42. Rd7 Bxb3 43. Rxf7 Kg6 44. Re7 h4 45. Rb7 Bc4 46. Ke4 Rd2 47.
f4 h3 48. f5+ exf5+ 49. gxf5+ Kh7 50. Kf4 h2 51. f6 Rg2 52. Rxg7+ Rxg7 0-1

[Event "Titled Tue 20th May Late"]
[Site "chess.com INT"]
[Date "2025.05.20"]
[Round "8"]
[White "Shukhman, Anna"]
[Black "Pavlidou, Ekaterini"]
[Result "1-0"]
[WhiteTitle "WGM"]
[BlackTitle "WIM"]
[WhiteElo "2413"]
[BlackElo "2198"]
[WhiteFideId "54180058"]
[BlackFideId "4213262"]
[EventDate "2025.05.20"]

1. e4 c5 2. Nf3 e6 3. d4 cxd4 4. Nxd4 Nf6 5. Nc3 Nc6 6. a3 a6 7. Be3 d5 8. exd5
exd5 9. Be2 Be7 10. O-O O-O 11. Re1 Bd7 12. Bf3 Nxd4 13. Qxd4 Rc8 14. Rad1 Be6
15. Bg5 Bc5 16. Qh4 Be7 17. Qd4 Rc4 18. Qd3 d4 19. Rxe6 Rxc3 20. bxc3 fxe6 21.
cxd4 Qa5 22. Bd2 Qxa3 23. Qxa3 Bxa3 24. Bxb7 Bb2 25. Ba5 Rb8 26. Bc6 Bxd4 27.
Kf1 Bb6 28. Rb1 Ba7 29. Rxb8+ Bxb8 30. Bb7 Ng4 31. h3 Ne5 32. Bxa6 g6 33. Ke2
Kf7 34. Bb4 Nc6 35. Bc5 e5 36. c3 Na5 37. Bb6 Nc6 38. Bb5 Ne7 39. Bc4+ Kf6 40.
Bd8 Bd6 41. Kd3 Bc5 42. f3 Kf5 43. Bb3 Kf4 44. Kc4 Ba3 45. Kb5 Nf5 46. Bc7 Bb2
47. Kb4 Ne3 48. c4 Nxg2 49. c5 Ne1 50. c6 Nd3+ 51. Kc4 Kxf3 52. Kxd3 e4+ 53. Kc4
e3 54. Bd1+ Kf2 55. Kd3 Bf6 56. Bd6 Bd8 57. c7 Bxc7 58. Bxc7 h5 59. Bf4 Kg2 60.
Kxe3 Kxh3 61. Kf3 h4 62. Be2 g5 63. Bf1# 1-0

[Event "Titled Tue 20th May Late"]
[Site "chess.com INT"]
[Date "2025.05.20"]
[Round "8"]
[White "Bernadskiy, Vitaliy"]
[Black "Mishra, Abhimanyu"]
[Result "1/2-1/2"]
[WhiteTitle "GM"]
[BlackTitle "GM"]
[WhiteElo "2523"]
[BlackElo "2605"]
[WhiteFideId "14100371"]
[BlackFideId "30920019"]
[EventDate "2025.05.20"]

1. d4 d5 2. Bg5 f6 3. Bc1 Nc6 4. Nf3 e5 5. dxe5 fxe5 6. e4 d4 7. Bb5 Qf6 8. c3
dxc3 9. Nxc3 Bd6 10. h3 Ne7 11. Bg5 Qg6 12. O-O Bxh3 13. gxh3 h6 14. Qd2 O-O-O
15. Bxc6 Nxc6 16. Kh2 Nd4 17. Nxd4 exd4+ 18. Bf4 dxc3 19. Qe3 cxb2 20. Rab1
Bxf4+ 21. Qxf4 Rhe8 22. Rfe1 Qb6 23. Re2 Qd6 24. Qxd6 Rxd6 25. Rbxb2 b6 26. Kg3
g5 27. h4 Rde6 28. hxg5 hxg5 29. f3 c5 30. Rbd2 Kc7 31. Kg4 Rf8 32. Re3 Ref6 33.
Rd5 Rf4+ 34. Kg3 g4 35. fxg4 Rf1 36. Rf5 c4 37. Ref3 Rxf3+ 38. Kxf3 Re8 39. g5
c3 40. Ke3 Kd6 41. Kd3 c2 42. Kxc2 Rxe4 43. Rf7 a5 44. g6 Rg4 45. g7 Ke6 46. Rb7
Kd5 47. Rxb6 Rxg7 48. Rb5+ Kc4 49. Rxa5 Rg2+ 50. Kd1 Kb4 51. Ra8 Rg1+ 52. Ke2
Rg3 53. Kf2 Ra3 54. Rxa3 Kxa3 55. Ke3 Kxa2 1/2-1/2

[Event "Titled Tue 20th May Late"]
[Site "chess.com INT"]
[Date "2025.05.20"]
[Round "8"]
[White "Liu, Jason"]
[Black "Rostomyan, Mikayel"]
[Result "1/2-1/2"]
[BlackTitle "FM"]
[WhiteElo "2064"]
[BlackElo "2325"]
[WhiteFideId "2514656"]
[BlackFideId "13313754"]
[EventDate "2025.05.20"]

1. e4 c5 2. Nf3 e6 3. d4 cxd4 4. Nxd4 a6 5. Nc3 b5 6. a3 Bb7 7. g3 Nc6 8. Bg2
Nge7 9. O-O Nxd4 10. Qxd4 Nc6 11. Qd1 Be7 12. Be3 O-O 13. Ne2 Ne5 14. Bd4 Nc4
15. b3 Nb6 16. Nc1 Rc8 17. Nd3 d6 18. Qg4 e5 19. Be3 Rxc2 20. a4 bxa4 21. bxa4
Nc4 22. Bh6 Bf6 23. Nb4 Rb2 24. Nd5 Bc8 25. Qf3 Be7 26. Qc3 gxh6 27. Qxc4 Be6
28. Qxa6 Bxd5 29. exd5 f5 30. Rab1 Ra2 31. Qc4 Ra3 32. Qb4 Rd3 33. a5 e4 34. Qb6
Qa8 35. Rfd1 Qxd5 36. Rxd3 Qxd3 37. Qb3+ Qxb3 38. Rxb3 Ra8 39. Rb5 Bd8 40. Rxf5
Bxa5 41. Bxe4 Ra7 42. Bd5+ Kg7 43. Kg2 Bb6 44. h4 Bc5 45. h5 Re7 46. Bf3 Bd4 47.
Bd5 Bf6 48. Bc4 Rc7 49. Bd5 Rc5 50. Be4 Rc7 51. Bd5 Re7 52. Kf3 Re1 53. Kg2 Rd1
54. Bf3 Rc1 55. Bd5 Rc5 56. Be4 Be5 57. Kf3 Rc3+ 58. Kg2 Rc4 59. Bd5 Rc7 60. Be4
Re7 61. Bd5 Bf6 1/2-1/2

[Event "Titled Tue 20th May Late"]
[Site "chess.com INT"]
[Date "2025.05.20"]
[Round "8"]
[White "Piddubna, Bozhena"]
[Black "Harish, Neeraj"]
[Result "1-0"]
[WhiteTitle "WFM"]
[BlackTitle "CM"]
[WhiteElo "2174"]
[BlackElo "2192"]
[WhiteFideId "34109293"]
[BlackFideId "30958130"]
[EventDate "2025.05.20"]

1. d4 d5 2. c4 c6 3. Nf3 Nf6 4. g3 e6 5. Bg2 dxc4 6. Ne5 b5 7. Nxc6 Qb6 8. Nxb8
Rxb8 9. O-O Bb7 10. Bxb7 Qxb7 11. b3 cxb3 12. axb3 Be7 13. Bf4 Rd8 14. Nc3 b4
15. Na4 O-O 16. e3 Nd5 17. Qg4 Nxf4 18. Qxf4 Qd5 19. Rfb1 Rc8 20. Qg4 Rc2 21.
Qd1 Qf5 22. Qf1 Rfc8 23. Rb2 a5 24. Rxc2 Rxc2 25. Rc1 h5 26. Rxc2 Qxc2 27. Qc4
Qb1+ 28. Kg2 h4 29. gxh4 Qe4+ 30. Kg1 Bxh4 31. Qc8+ Kh7 32. Qc1 Qg4+ 33. Kf1
Qh3+ 34. Kg1 Qf3 35. Qc2+ g6 36. Nc5 Qg4+ 37. Kf1 Qh3+ 38. Kg1 Qg4+ 39. Kf1 Qf3
40. Kg1 Be7 41. Ne4 f5 42. Ng3 Qd5 43. Qc7 Qd6 44. Qb7 Kh6 45. Ne2 Bh4 46. Nf4
Bg5 47. Nd3 Qd5 48. Qxd5 exd5 49. Nc5 Be7 50. Nd3 Kg7 51. Nf4 a4 52. bxa4 b3 53.
Nd3 Ba3 54. a5 Kf7 55. a6 Bd6 56. a7 1-0

[Event "Titled Tue 20th May Late"]
[Site "chess.com INT"]
[Date "2025.05.20"]
[Round "8"]
[White "Tayar, Jonathan"]
[Black "Shandrygin, Nikita"]
[Result "1/2-1/2"]
[WhiteTitle "IM"]
[BlackTitle "FM"]
[WhiteElo "2325"]
[BlackElo "2209"]
[WhiteFideId "2606534"]
[BlackFideId "24198668"]
[EventDate "2025.05.20"]

1. e4 e5 2. Nf3 f5 3. Nxe5 Qe7 4. Qh5+ g6 5. Nxg6 Qxe4+ 6. Be2 Nf6 7. Qh4 Qxg2
8. Qxf6 Qxh1+ 9. Bf1 Qe4+ 10. Kd1 Rg8 11. Ne5 Rg7 12. d3 Qh1 13. Ke1 d6 14. Bh6
Qxh2 15. Bxg7 Qxe5+ 16. Qxe5+ dxe5 17. Bxe5 Nc6 18. Bxc7 Nd4 19. Kd1 f4 20. Bxf4
Bg4+ 21. Kc1 Be7 22. c3 Ne6 23. Be3 O-O-O 24. Nd2 h5 25. Kc2 h4 26. Bg2 h3 27.
Be4 h2 28. Rh1 Rh8 29. Bf3 Bxf3 30. Nxf3 Bd6 31. Kd2 Kd7 32. Ke2 Ke7 33. Kf1 Kf7
34. Kg2 Rg8+ 35. Kf1 Rh8 36. d4 b6 37. c4 Nc7 38. a3 Ne6 39. b4 Rc8 40. c5 bxc5
41. dxc5 Bb8 42. Nxh2 Rh8 43. Kg2 Rg8+ 44. Kf3 Rh8 45. Kg2 Rg8+ 46. Kh3 Rh8+ 47.
Kg4 Rxh2 48. Rxh2 Bxh2 49. f4 a6 50. a4 Nc7 51. Kh3 Bxf4 52. Bxf4 Nd5 53. Bd2
Ke6 54. Kg4 Ke5 55. Kf3 Kd4 56. c6 Ke5 57. Ke2 Kd6 58. b5 axb5 59. axb5 Kc5 60.
Be3+ Kxb5 61. c7 Nxc7 1/2-1/2